000 00713nam a22002297a 4500
003 UA-OsUOA
001 31466
007 ta
008 20041222b un ||||| |||| 00| 0 ukr d
090 _a94(100)"6"
_bП41
942 _cBK
040 _aUA-OsUOA
_brus
_cUA-OsUOA
_dUA-OsUOA
245 _aПо следам древних культур
_cРед. Г. Б.Федоров
300 _a272 с.
_bІлюстрації
955 _a0
041 _arus
080 _a94(100)"6"
260 _aМосква
_bГосударственное издательство культурно-просветительной литературы
_c1950
044 _aRU
650 7 _2UDC
999 _c317891
_d317891